000 00640nam a2200241Ia 4500
003 OSt
005 20220924113018.0
006 a|||||r|||| 00| 0
007 ta
008 220923b |||||||| |||| 00| 0 eng d
024 _a52673
037 _cDictionary
040 _aARTS
_cARTS
_beng
041 _2eng
_aeng
082 _aP:75k, L4 (RR)
100 _aDevries Ad
_9169318
245 0 _aDictionary of symbols and imagery
260 _aAmsterdam
_bNorth-Holland
_c1974
300 _a515p.
_ccm.
650 _aLINGUISTICS
942 _hP:75k, L4 (RR)
_cdic
_2cc
999 _c388984
_d388984